000 00780nam a2200265 i 4500
001 C2-0234550
003 PPAK
005 20180727194945.0
008 010802s1997 enka|||| ||||| | eng d
020 _a000218821X
040 _aPPAK
_beng
_cPPAK
_erda
082 0 4 _a796.33409
_223
090 0 0 _a796.33409
_bDOD
_dR
100 1 _aDodd, Philip,
_eauthor
245 1 0 _aRobbie Fowler
264 1 _aLondon :
_bInvincible Press ,
_c1997
300 _a93 pages :
_bcolour illustrations ;
_c20 cm
336 _2rdacontent
_atext
337 _2rdamedia
_aunmediated
338 _2rdacarrier
_avolume
500 _aIncludes Robbie Fowler fact life
650 1 0 _aSoccer players - England - Biography ; Fowler, Robbie (Robert Bernard), 1975-
700 _eauthor
942 _ddc
_cB
999 _c50783
_d50783